Optical Packet Access Protocols for WDM Networks /
Guardado en:
| 主要作者: | |
|---|---|
| 格式: | 圖書 |
| 語言: | 英语 |
| 出版: |
Boston, EUA :
Kluwer,
2002, c2002
|
| 叢編: | (Broadband Networks and Services)
|
| 主題: | |
| 標簽: |
沒有標簽, 成為第一個標記此記錄!
|
MARC
| LEADER | 00000nam^a2200000^a^4500 | ||
|---|---|---|---|
| 001 | 000155073 | ||
| 005 | 20250521000000.0 | ||
| 009 | 20260310100415.291 | ||
| 020 | |a 1-4020-7042-X | ||
| 037 | |a Acervo ITESO - Biblioteca | ||
| 041 | |a ING | ||
| 082 | |a 621. 38216 |b BEN | ||
| 100 | |a Bengi, Kemal |e (autor) | ||
| 245 | 1 | 0 | |a Optical Packet Access Protocols for WDM Networks / |c K. Bengi ; pról. de Harmen R. van As. |
| 264 | 4 | |a Boston, EUA : |b Kluwer, |c 2002, c2002 | |
| 300 | |a XXIV, 251 p. | ||
| 336 | |a texto |b txt |2 rdacontenido | ||
| 337 | |a sin mediación |b n |2 rdamedio | ||
| 338 | |a volumen |b nc |2 rdasoporte | ||
| 440 | 1 | |a (Broadband Networks and Services) | |
| 649 | |a XX | ||
| 650 | |a Fibra Optica | ||
| 650 | |a Multiplexación | ||
| 650 | |a Moduladores (Electrónica) | ||
| 650 | |a Internet | ||
| 650 | |a Redes de Computadoras | ||
| 650 | |a Transmisión de Datos | ||
| 650 | |a Sistemas Computacionales | ||
| 650 | |a Sistemas de Telecomunicación | ||
| 650 | |a Señales y Transmisión de Señales | ||
| 650 | |a Procesamiento de Señales | ||
| 650 | |a Comunicación en Red | ||
| 650 | |a Comunicación Optica | ||
| 650 | |a Telecomunicaciones | ||
| 650 | |a Comunicaciones y Tránsito | ||
| 650 | |a Optoelectrónica | ||
| 650 | |a Ingeniería Computacional | ||
| 650 | |a Ingeniería Electrónica | ||
| 910 | |a Fondo General | ||
| 920 | |a Impresos - Libros | ||
| 930 | |a Colección General | ||
| 905 | |a 101 | ||
| 901 | |a 0500082690 |b IT1 |c ACC |u 20250521 | ||
| 902 | |a https://opac.biblio.iteso.mx/vufind/Record/000155073 | ||